Sport Pedagogy - Recent Approach to Technical-Tactical Alphabetization (Record no. 25157)
[ view plain ]
| 000 -LEADER | |
|---|---|
| fixed length control field | 00473nam a2200121Ia 4500 |
| 008 - FIXED-LENGTH DATA ELEMENTS--GENERAL INFORMATION | |
| fixed length control field | 220620s9999||||xx |||||||||||||| ||und|| |
| 100 ## - MAIN ENTRY--PERSONAL NAME | |
| Personal name | Jaime Serra-Olivares |
| 245 #0 - TITLE STATEMENT | |
| Title | Sport Pedagogy - Recent Approach to Technical-Tactical Alphabetization |
| 546 ## - LANGUAGE NOTE | |
| Language note | English[eng] |
| 650 ## - SUBJECT ADDED ENTRY--TOPICAL TERM | |
| Topical term or geographic name entry element | Social Sciences||Education||Social Sciences and Humanities |
| 856 ## - ELECTRONIC LOCATION AND ACCESS | |
| Uniform Resource Identifier | <a href="https://www.intechopen.com/books/sport-pedagogy-recent-approach-to-technical-tactical-alphabetization">https://www.intechopen.com/books/sport-pedagogy-recent-approach-to-technical-tactical-alphabetization</a> |
| 942 ## - ADDED ENTRY ELEMENTS (KOHA) | |
| Koha item type | E-Books |
| Withdrawn status | Lost status | Damaged status | Not for loan | Home library | Current library | Date acquired | Total Checkouts | Date last seen | Price effective from | Koha item type |
|---|---|---|---|---|---|---|---|---|---|---|
| Kerala University of Digital Sciences, Innovation and Technology Knowledge Centre | Kerala University of Digital Sciences, Innovation and Technology Knowledge Centre | 20/06/2022 | 20/06/2022 | 20/06/2022 | E-Books |